000
00201 a2200097 4500
001
25940
100
_a
ASM
245
_a
Selected values of thermodynamics
260
_a
_b
ASM
_c
090
_c
17543
_d
17543
942
_a
NUST-CAE
_c
M
_c
8384
999
_c
261013
_d
261013